| 000 | 01007nam a22002417a 4500 | ||
|---|---|---|---|
| 005 | 20240530110527.0 | ||
| 008 | 160308s2013 ua g b 000 0 ara d | ||
| 017 |
_a19884 _bمصر . دار الكتب المصرية |
||
| 020 | _a9789773582854 | ||
| 040 | _aEG-CaGPL | ||
| 082 | 0 | 4 |
_221 _a025.1\ _bأ إ |
| 100 | 0 | _aاحمد سعيد سالم | |
| 245 | 1 | 0 |
_aادارة و تخطيط الخدمات التعاقدية فى المكتبات و مؤسسات المعلومات : _bالفهرسة تموذجا / _cتاليف احمد سعيد سالم |
| 250 | _aط1 | ||
| 260 |
_aالقاهرة : _bدار الفجر للنشر و التوزيع ، _c2013 . |
||
| 300 |
_a305 ص ؛ _c24 سم + _eملاحق . |
||
| 504 | _aيشتمل على ارجاعات ببليوجرافية | ||
| 650 | 0 | 4 |
_aالمكتبات _xتنظيم و ادارة |
| 650 | 0 | 4 | _aالخدمة المكتبية |
| 650 | 0 | 4 | _aخدمات المعلومات |
| 942 |
_2ddc _cBK |
||
| 999 |
_c62021 _d62021 |
||